Hidroponia; cómo cultivar sin tierra /
Guardado en:
| Autor Principal: | |
|---|---|
| Formato: | Libro |
| Publicado: |
Buenos Aires :
El Ateneo,
1981
|
| Materias: | |
| Etiquetas: |
Agregar Etiqueta
Sin Etiquetas, Sea el primero en etiquetar este registro!
|
| LEADER | 00546nam a22001695a 4500 | ||
|---|---|---|---|
| 001 | CEM.cems015818 | ||
| 005 | 20131024173723.0 | ||
| 008 | 130507s1981##################000#0#####d | ||
| 003 | CEMS | ||
| 082 | 0 | 4 | |a 631.58 |
| 100 | 1 | |a Douglas, James Sholto | |
| 245 | 1 | 0 | |a Hidroponia; cómo cultivar sin tierra / |c James Sholto Douglas, |
| 260 | |a Buenos Aires : |b El Ateneo, |c 1981 | ||
| 300 | |a 156 p. | ||
| 653 | |a Agricultura | ||
| 859 | |a CEMS |b BIB. CEMS - Agricultura |h 631.58 |i D745 |p A11361.82 |t Ej.2 | ||
| 859 | |a CEMS |b BIB. CEMS - Agricultura |h 631.58 |i D745 |p A13658.85 |t Ej.1 | ||
